Truyện ngắn hay 2005 - 2006

Sách là tập hợp một số truyện ngắn hiện đại như: Người ngắm trăng, Giếng cạn, Núi ở lại, Những người trong gia đình ông Luân, ...

Saved in:
Bibliographic Details
Format: Book
Language:Undetermined
Published: Hà Nội Thanh niên 2006
Subjects:
Tags: Add Tag
No Tags, Be the first to tag this record!
Institutions: Trung tâm Học liệu Trường Đại học Cần Thơ
LEADER 00915nam a2200217Ia 4500
001 CTU_133065
008 210402s9999 xx 000 0 und d
020 |c 43000 
082 |a 895.9223008 
082 |b Tr527 
245 0 |a Truyện ngắn hay 2005 - 2006 
245 0 |c Nguyễn Thanh Bình tuyển chọn 
260 |a Hà Nội 
260 |b Thanh niên 
260 |c 2006 
520 |a Sách là tập hợp một số truyện ngắn hiện đại như: Người ngắm trăng, Giếng cạn, Núi ở lại, Những người trong gia đình ông Luân, ... 
650 |a Vietnamese literature,Short stories, Vietnamese,Văn học Việt Nam,Truyện ngắn, Việt Nam 
650 |x Collections,Tuyển tập 
650 |y 20th century,Thế kỷ 20 
904 |i Trọng Hải 
980 |a Trung tâm Học liệu Trường Đại học Cần Thơ